| 000 | 00000nas 2200000zi 4500 |
| 001 | 9.934253 |
| 003 | CaOODSP |
| 005 | 20240223131953 |
| 006 | m o d f |
| 007 | cr ||||||||||| |
| 008 | 240221d19461967oncuu m o f0###a0eng|d |
| 040 | |aCaOODSP|beng|erda|cCaOODSP |
| 041 | |aeng|beng|bfre |
| 043 | |an-cn--- |
| 086 | 1 |aEn57-56E-PDF |
| 130 | 0 |aTEC. |
| 245 | 10|aTEC. |
| 246 | 13|aTechnical circular |
| 264 | 1|a[Toronto] : |bMeteorological Division, Department of Transport, |c1946-1967. |
| 336 | |atext|btxt|2rdacontent |
| 337 | |acomputer|bc|2rdamedia |
| 338 | |aonline resource|bcr|2rdacarrier |
| 500 | |aDigitized edition from print [produced by Environment and Climate Change Canada]. |
| 500 | |aSome numbers have amendments issued separately. |
| 515 | |aIssues have parallel numbering to March 1967; CIR 1002-4545. |
| 546 | |aSome numbers include abstracts in English and French; French titles accompany French abstracts. |
| 550 | |aIssued by the Meteorological Branch <1956-1967>. |
| 588 | |aDescription based on: TEC-112. |
| 650 | 0|aMeteorology. |
| 650 | 6|aMétéorologie. |
| 710 | 1 |aCanada. |bMeteorological Division, |eissuing body. |
| 710 | 1 |aCanada. |bMeteorological Branch, |eissuing body. |
| 710 | 1 |aCanada.|bDepartment of Transport, |eissuing body. |
| 785 | 00|tTechnical memoranda.|w(CaOODSP)9.934428 |